Responses for Show #7148 - Wednesday, October 14, 2015

Matt Jackson game 14.

Contestants

[<< previous game]

Sally Hatfield, an English as a second language instructor originally from Lakeview, Michigan

Michael Baker, a travel media editor from New York, New York

Matt Jackson, a paralegal from Washington, D.C. (whose 13-day cash winnings total $411,612)

[next game >>]

Jeopardy! Round responses

I WANT CANDY!
NAME THE CAPITAL
RELIGIOUS LEADERS
2-LETTER WORDS THAT BEGIN WITH "A"
MOVIE TAGLINES
DC-3
(Kelly: The [*] from the Delta Flight Museum--clues about one of the great passenger airplanes of another era.)
    $200 9
Pez

Michael
    $200 10
Bogotá

Michael
    $200 4
Billy Graham

Sally
    $200 19
at

Michael
    $200 20
Shrek

Michael
    $200 3
(Michael: What is air conditioning?)

pressurization (pressure accepted)

MichaelSally
    $400 15
Nerds

Michael
    $400 11
Taipei

Matt
    $400 5
Muhammad

Sally
    $400 25
ad

Sally
    $400 21
Psycho

Matt
    $400 30
(Sally: What is the morning mail?)

air mail

Sally
Triple Stumper
    $600 16
kisses

Michael
    $600 12
(Sally: What is Sarajevo?)

Belgrade

MattSally
    $600 6
Istanbul

Matt
    $600 26
(Sally: What are [*]s? [*]. What is [*]?)

ab

Sally
    $600 22
Inception

Michael
    $600 1
Douglas

Matt
    $800 17
Butterfinger

Michael
    $800 13
Dhaka

Matt
    $800 7
Joseph Smith

Matt
    $800 27
(Matt: What is al?)
(Alex: A-U. Yes.)
[Initially accepted; reversed before Double Jeopardy! when Matt informed the judges that he had gotten the response incorrect]

au

Matt
Triple Stumper
    $800 23
Blues Brothers

Michael
    $1,000 2
(Alex: The drink that goes with Atlanta.)

Coca-Cola

Matt
    $1000 18
Cadbury

Sally
    $1000 14
Baku

Michael
    $1000 8
the Dalai Lama

Sally
    $1000 28
(Matt: I have no idea. Sorry.)

ai

Matt
Triple Stumper
    $1000 24
The A-Team

Triple Stumper
    $1000 29
Life

Matt

Scores at the first commercial break (after clue 15):

Matt Michael Sally
$4,800 $1,600 $1,200

Scores at the end of the Jeopardy! Round:

Matt Michael Sally
$4,400 $4,800 $2,800

Double Jeopardy! Round responses

THE CENTERS FOR DISEASE CONTROL & PREVENTION
THE ROARING 1820s
A "RUN" OF TOP 40 HITS
READING BY THE NUMBERS
CURSES
BUILDING THE COMPOUND WORD
    $400 20
(Alex: You are right, with less than a minute to go.)

2001

Matt
    $400 13
(Louis) Braille

Matt
    $400 1
Fahrenheit 451

Matt
    $400 7
spokesperson

Matt
    $800 14
the Erie Canal

Matt
    $800 10
A.A. Milne

Matt
    $1200 5
Legionnaires' disease

Michael
    $1200 15
Simón Bolívar

Triple Stumper
    $1200 2
"Run To You"

Triple Stumper
    $1200 11
(James) Patterson

Michael
    $1200 9
James Dean

Sally
    $5,000 8
clockwise

Matt
    $1600 6
resistance

Triple Stumper
    $1600 16
John Quincy Adams

Matt
    $1600 3
"Take The Money And Run"

Matt
    $1600 12
Stephen King

Triple Stumper
    $4,400 19
Ronald Reagan

Michael
    $1600 23
briefcase

Sally
    $2000 18
meningitis

Michael
    $2000 17
Monrovia

Michael
    $2000 4
"Runaway Train"

Triple Stumper
    $2000 21
The 39 Steps

Sally
    $2000 24
[The end-of-round signal sounds.]

Rasputin

Matt
    $2000 22
commonwealth

Michael

Scores at the end of the Double Jeopardy! Round:

Matt Michael Sally
$17,800 $17,600 $7,600

[wagering suggestions for these scores]

Final Jeopardy! Round responses

U.S. LANDMARKS
(Alex: [To Matt] Well, he's gonna leave us with a lot of money. But, Michael Baker, you are, today, a giant killer, you're the new Jeopardy! champion with $15,201. And, Matt Jackson, we'll see you in our Tournament of Champions, try to add to your $411,000 in winnings.)
SallyWhat is Cape Canavereaal?
$7,600
MichaelWhat is Dodger stadium
$2,399
MattWhat is the Kennedy Center
$17,401
the Space Needle (in Seattle)

Final scores:

Matt Michael Sally
$399 $15,201 $0
2nd place: $2,000 New champion: $15,201 3rd place: $1,000

Game dynamics:

Coryat scores:

Matt Michael Sally
$13,800 $14,800 $7,600
19 R
(including 2 DDs),
2 W
16 R
(including 1 DD),
1 W
10 R,
2 W

Combined Coryat: $36,200

[game clues] [game scores] [suggest correction]

Game tape date: 2015-09-08
The J! Archive is created by fans, for fans. Scraping, republication, monetization, and malicious use prohibited; this site may use cookies and collect identifying information. See terms. The Jeopardy! game show and all elements thereof, including but not limited to copyright and trademark thereto, are the property of Jeopardy Productions, Inc. and are protected under law. This website is not affiliated with, sponsored by, or operated by Jeopardy Productions, Inc. Join the discussion at JBoard.tv.